Word Ladder: Mystery Theme VI Quiz Stats

 Plays Quiz Updated May 25, 2012

Challenge
Share
Tweet
Embed
Score 0/39 Timer 03:00
1 Play Today
Clue Word % Correct
→ Winter precipitation ←→ SNOW ←
94.6%
Breathing organLUNG
91.7%
Pedestrian speedSLOW
90.7%
MucusSNOT
90.4%
The femur is the largest oneBONE
89.3%
Lose one's footingSLIP
88.6%
A pig's mealSLOP
87.4%
SolitaryLONE
86.9%
→ A pleasant stroll ←→ WALK ←
86.8%
Corroded ironRUST
86.2%
Horizontal support on a ladderRUNG
85.8%
A deadly sinLUST
85.4%
→ Have a strong desire ←→ LONG ←
82.9%
→ Stop sleeping ←→ WAKE ←
82.3%
→ What you hang paintings on ←→ WALL ←
82.2%
Tool for gathering leavesRAKE
81.7%
→ Difficult ←→ HARD ←
80.2%
Fluid secreted by the liverBILE
79.6%
Competition of speedRACE
79.1%
→ Plastic alternative to cash ←→ CARD ←
77.7%
Clue Word % Correct
Rabbit relativeHARE
77.6%
Spoils taken from pillagingLOOT
74.6%
Byproduct of incomplete combustionSOOT
74.2%
The Smoke Monster appears in this showLOST
74.2%
MerchandiseWARE
72.9%
→ Ride a wave ←→ SURF ←
72.3%
Feel concernCARE
72.2%
Trunk of a treeBOLE
71.7%
CertainSURE
70%
→ Device for holding objects together ←→ CLIP ←
68.3%
Hesitate to accept an ideaBALK
66.9%
Restore healthCURE
66.8%
→ Bird's beak ←→ BILL ←
65.4%
Death wishWILL
64.4%
TrickRUSE
61.4%
→ Reverse direction ←→ BACK ←
61.1%
Framework for holding thingsRACK
58.2%
A mark of mysterious significanceRUNE
58.1%
→ COMMON BOND ←
(Not a rung of ladder or 4 letters long)
BOARD
21.6%

Today's Daily Dose

Missing Word
Podcasts A-Z

Word Ladder
Rowing

On This Day
January 22nd II

You're not logged in!

Compare scores with friends on all Sporcle quizzes.
OR
Log In

You Might Also Like...

Show Comments

Extras

Top Quizzes Today


Score Distribution

Your Account Isn't Verified!

In order to create a playlist on Sporcle, you need to verify the email address you used during registration. Go to your Sporcle Settings to finish the process.

Report this User

Report this user for behavior that violates our Community Guidelines.

Details: